[Event "Hoogeveen op 25th"]
[Site "Hoogeveen"]
[Date "2022.10.17"]
[Round "3"]
[White "Winkel, Ruud"]
[Black "Kumar, Sanjit S"]
[Result "0-1"]
[WhiteElo "1663"]
[BlackElo "1923"]
[PlyCount "46"]
[EventDate "2022.10.15"]
[EventType "swiss"]
[EventRounds "9"]
[EventCountry "NED"]
[SourceTitle "CBM 210 Extra"]
[Source "ChessBase"]
[SourceDate "2022.11.30"]
[SourceVersion "1"]
[SourceVersionDate "2022.11.30"]
[SourceQuality "1"]

1. f4 d5 2. Nf3 c5 3. e3 g6 4. d4 Bg7 5. c3 Nf6 6. Bd3 0-0 7. Nbd2 b6 8. 0-0 Ba6 9. Qe2 Bxd3 10. Qxd3 Nc6 11. Ne5 Qc7 12. Ndf3 Rfd8 13. Ng5 Rf8 14. Bd2 e6 15. Rf3 Ne7 16. g4 h6 17. Nxg6 Nxg6 18. Nxe6 fxe6 19. Qxg6 Qf7 20. Qd3 Ne4 21. Raf1 Qg6 22. Be1 Qxg4+ 23. Bg3 Ng5 0-1

[Event "ENG-ch U12"]
[Site "Torquay"]
[Date "2022.08.10"]
[Round "4"]
[White "Kumar, Sanjit S"]
[Black "Binu, Nathan"]
[Result "1-0"]
[WhiteElo "1711"]
[BlackElo "1276"]
[PlyCount "141"]
[EventDate "2022.08.08"]
[EventType "swiss"]
[EventRounds "7"]
[EventCountry "ENG"]
[SourceTitle "EXT 2023"]
[Source "ChessBase"]
[SourceDate "2022.10.05"]
[SourceVersion "1"]
[SourceVersionDate "2022.10.05"]
[SourceQuality "1"]

1. e4 e5 2. Nf3 Nc6 3. Bb5 a6 4. Ba4 d6 5. c3 Bd7 6. d4 Nf6 7. Nbd2 Be7 8. 0-0 0-0 9. Re1 exd4 10. cxd4 Qe8 11. Bb3 Na5 12. Bc2 Nc6 13. h3 Nb4 14. Bb1 Bb5 15. Nf1 c5 16. Ne3 b6 17. a3 Nc6 18. a4 cxd4 19. axb5 dxe3 20. bxc6 exf2+ 21. Kxf2 Qxc6 22. Qc2 Qb5 23. Nd4 Qc5 24. Be3 Qxc2+ 25. Bxc2 Nd7 26. Nf5 Bf6 27. Bd4 Bxd4+ 28. Nxd4 Rfc8 29. Bd3 Nc5 30. Ke3 Re8 31. Kd2 a5 32. Rab1 Re7 33. Nb5 Rae8 34. Nc3 f5 35. Bc4+ Kf8 36. exf5 Ne4+ 37. Rxe4 Rxe4 38. Nxe4 Rxe4 39. Bd3 Rb4 40. Kc3 d5 41. Re1 d4+ 42. Kc2 a4 43. Re5 Kf7 44. Rb5 Rxb5 45. Bxb5 Kf6 46. Bd7 h5 47. Kd3 Ke5 48. Bxa4 h4 49. Bd1 Kd5 50. Bb3+ Kc5 51. Bc4 b5 52. Bxb5 Kxb5 53. Kxd4 Kb4 54. Ke5 Kb3 55. Ke6 Kxb2 56. Kf7 Kc3 57. Kxg7 Kd3 58. f6 Ke2 59. f7 Kf2 60. f8Q+ Kxg2 61. Qf5 Kg3 62. Qg4+ Kf2 63. Qxh4+ Ke2 64. Qg3 Kd2 65. h4 Ke2 66. h5 Kd2 67. h6 Ke2 68. h7 Kd2 69. h8R Ke2 70. Rh2+ Kf1 71. Qf2# 1-0

[Event "ENG-ch U12"]
[Site "Torquay"]
[Date "2022.08.09"]
[Round "2"]
[White "Kumar, Sanjit S"]
[Black "Zhu, Pengxiao"]
[Result "1-0"]
[WhiteElo "1711"]
[BlackElo "1391"]
[PlyCount "71"]
[EventDate "2022.08.08"]
[EventType "swiss"]
[EventRounds "7"]
[EventCountry "ENG"]
[SourceTitle "EXT 2023"]
[Source "ChessBase"]
[SourceDate "2022.10.05"]
[SourceVersion "1"]
[SourceVersionDate "2022.10.05"]
[SourceQuality "1"]

1. d4 d5 2. c4 e6 3. Nc3 Nf6 4. cxd5 exd5 5. Bg5 Nbd7 6. e3 Be7 7. Bd3 c6 8. Qc2 0-0 9. Nge2 b6 10. 0-0 Bb7 11. Ng3 g6 12. Bh6 Re8 13. f3 c5 14. Rfe1 Rc8 15. Qf2 cxd4 16. exd4 Bb4 17. Rxe8+ Qxe8 18. Bd2 Bf8 19. a3 a6 20. Re1 Qd8 21. h4 Bd6 22. Nf1 h5 23. Qe2 Nh7 24. Bxg6 fxg6 25. Qe6+ Kh8 26. Qxd6 Ndf8 27. Qxd8 Rxd8 28. Bf4 b5 29. Nd2 Bc6 30. Nb3 Nd7 31. Re6 Bb7 32. Na5 Nhf8 33. Rd6 Bc8 34. Nxd5 Kg7 35. Nc7 Kf7 36. Nc6 1-0

[Event "ENG-ch U12"]
[Site "Torquay"]
[Date "2022.08.08"]
[Round "1"]
[White "Rastogi, Nayan Keats"]
[Black "Kumar, Sanjit S"]
[Result "0-1"]
[WhiteElo "1439"]
[BlackElo "1711"]
[PlyCount "108"]
[EventDate "2022.08.08"]
[EventType "swiss"]
[EventRounds "7"]
[EventCountry "ENG"]
[SourceTitle "EXT 2023"]
[Source "ChessBase"]
[SourceDate "2022.10.05"]
[SourceVersion "1"]
[SourceVersionDate "2022.10.05"]
[SourceQuality "1"]

1. e4 e6 2. d4 d5 3. e5 c5 4. c3 Nc6 5. Nf3 Qb6 6. a3 c4 7. Nbd2 Na5 8. Be2 Bd7 9. 0-0 0-0-0 10. Qc2 Kb8 11. Ng5 Be8 12. Ngf3 h6 13. Ne1 Ne7 14. Qb1 Ba4 15. Nc2 g6 16. Nb4 Nb3 17. Nxb3 Bxb3 18. Bd1 Bxd1 19. Rxd1 a5 20. Nc2 Nf5 21. Ne3 Nxe3 22. fxe3 Be7 23. Rf1 Rdf8 24. e4 f5 25. exf6 Bxf6 26. Kh1 Bg7 27. Re1 Rf2 28. e5 Rhf8 29. Be3 R2f5 30. Qc2 Bxe5 31. Bxh6 Rh8 32. Rxe5 Rxe5 33. Bg7 Reh5 34. Bxh8 Rxh8 35. Qxg6 Qxb2 36. Rb1 Qa2 37. Rf1 Qxa3 38. Qxe6 Ka7 39. Qxd5 Qxc3 40. Qc5+ b6 41. Qc7+ Ka6 42. d5 Qd3 43. Rc1 Qxd5 44. Qxc4+ Qxc4 45. Rxc4 b5 46. Rc1 b4 47. h3 a4 48. Ra1 Kb5 49. Kh2 b3 50. g4 b2 51. Rb1 a3 52. Kg3 Kc4 53. Rh1 a2 54. h4 b1Q 0-1

[Event "Barcelona Sant Marti op-A 22nd"]
[Site "Barcelona"]
[Date "2022.07.20"]
[Round "8"]
[White "Wlogalski, Olivier"]
[Black "Kumar, Sanjit S"]
[Result "1-0"]
[WhiteElo "1858"]
[BlackElo "1781"]
[PlyCount "75"]
[EventDate "2022.07.13"]
[EventType "swiss"]
[EventRounds "9"]
[EventCountry "ESP"]
[SourceTitle "CBM 209 Extra"]
[Source "ChessBase"]
[SourceDate "2022.09.30"]
[SourceVersion "1"]
[SourceVersionDate "2022.09.30"]
[SourceQuality "1"]

1. c4 Nf6 2. Nc3 g6 3. Nf3 Bg7 4. g3 0-0 5. Bg2 c6 6. e4 d5 7. cxd5 cxd5 8. e5 Ne4 9. d4 Nxc3 10. bxc3 b6 11. 0-0 Ba6 12. Re1 e6 13. Nd2 Qc7 14. Qb3 Nc6 15. Ba3 Na5 16. Qb2 Rfc8 17. Rac1 Nc4 18. Nxc4 Bxc4 19. Bf1 Qb7 20. Bxc4 Rxc4 21. Qb3 Bf8 22. Bxf8 Rxf8 23. Re3 Rfc8 24. Qb2 b5 25. a3 a5 26. Rb1 Rb8 27. Qd2 Qc6 28. Rf3 Rc8 29. Qf4 Rc7 30. Qf6 Rd7 31. Kg2 Ra4 32. h4 Rb7 33. h5 Qc8 34. hxg6 fxg6 35. Rxb5 Rd7 36. Rb6 Rc4 37. Rxe6 Rcc7 38. Rd6 1-0